Věda, technika, společnost teorie vědy

Salvato in:
Dettagli Bibliografici
Natura: Periodico
Lingua:ceco
Pubblicazione: Praha Kabinet pro studium vědy, techniky a společnosti při Filozofickém ústavu AV ČR 2001
Soggetti:
Tags: Aggiungi Tag
Nessun Tag, puoi essere il primo ad aggiungerne!!

MARC

LEADER 00000nas2a22000001 4500
001 0007426
005 20230316092342.8
022 |a 1210-0250 
041 0 |a cze 
044 |a CZ 
245 1 0 |a Věda, technika, společnost  |b teorie vědy 
264 1 |a Praha  |b Kabinet pro studium vědy, techniky a společnosti při Filozofickém ústavu AV ČR  |c 2001 
300 |a 1 zv. 
773 0 |w eu_un_cat*s120903 
610 2 0 |a veda